000
00256nam a2200097Ia 4500
001
1064120
005
20250827001709.0
008
250824s9999 xx 000 0 und d
245
0
_a
OSMANLI SULTANLARI ALBÜMÜ
_c
MUSTAFA ARMAĞAN
260
_b
KETEBE YAYINLARI
999
_c
1064120
_d
1064120